Umelá inteligencia a jej vplyv na manažment ľudských zdrojov v medzinárodných firmách diplomová práca

Saved in:
Bibliographic Details
Main Author: Kašpríková, Katarína
Corporate Author: Obchodná fakulta EU. Katedra medzinárodného obchodu
Other Authors: Krajčík, Daniel, 1981-
Format: Book
Language:Slovak
Published: Bratislava 2024
Tags: Add Tag
No Tags, Be the first to tag this record!

MARC

LEADER 00000nbm a2200000 4500
001 0302334
005 20250806124104.2
041 0 |a slo 
044 |a SK 
245 1 0 |a Umelá inteligencia a jej vplyv na manažment ľudských zdrojov v medzinárodných firmách  |b diplomová práca  |c Katarína Kašpríková ; školiteľ: Daniel Krajčík 
264 1 |a Bratislava  |c 2024 
300 |a 63 s. 
100 1 |a Kašpríková, Katarína 
700 1 |a Krajčík, Daniel, 1981- 
710 2 |a Obchodná fakulta EU. Katedra medzinárodného obchodu